Normal view
MARC view
- Pastridge, Eric .
Entry Personal Name
001 - CONTROL NUMBER
- control field: 1533
003 - CONTROL NUMBER IDENTIFIER
- control field: OSt
005 - DATE AND TIME OF LATEST TRANSACTION
- control field: 20160926122254.0
008 - FIXED-LENGTH DATA ELEMENTS
- fixed length control field: 160926|| aca||aabn | a|a d
040 ## - CATALOGING SOURCE
- Original cataloging agency: OSt
- Transcribing agency: OSt
100 ## - HEADING--PERSONAL NAME
- Personal name: Pastridge, Eric .
670 ## - SOURCE DATA FOUND
- Source citation: Work cat.: (OSt)10211: Pastridge, Eric ., Dictionary of Slang and Unconventional English, Vol 1 / , 1963.
